Observer's handbook / (Record no. 137177)
[ view plain ]
| 000 -LEADER | |
|---|---|
| fixed length control field | 00651nam a2200217 4500 |
| 010 ## - LIBRARY OF CONGRESS CONTROL NUMBER | |
| LC control number | 372530 |
| 035 ## - SYSTEM CONTROL NUMBER | |
| System control number | 372530 |
| 037 ## - SOURCE OF ACQUISITION | |
| Source of stock number/acquisition | Cen Lib / Ret |
| 040 ## - CATALOGING SOURCE | |
| Original cataloging agency | DPL |
| Language of cataloging | En |
| 082 ## - DEWEY DECIMAL CLASSIFICATION NUMBER | |
| Classification number | 551.5 |
| Item number | GRE |
| 245 ## - TITLE STATEMENT | |
| Title | Observer's handbook / |
| 250 ## - EDITION STATEMENT | |
| Edition statement | 2nd ed |
| 260 ## - PUBLICATION, DISTRIBUTION, ETC. (IMPRINT) | |
| Place of publication, distribution, etc | London |
| Name of publisher, distributor, etc | Her Majesty's Stationary Office |
| Date of publication, distribution, etc | 1956 |
| 270 ## - ADDRESS | |
| Address | Her Majesty's Stationary Office |
| City | London |
| 300 ## - PHYSICAL DESCRIPTION | |
| Extent | 222p ; |
| Dimensions | 24cm(Hb) |
| 490 ## - SERIES STATEMENT | |
| Series statement | Air ministry meterological office M.O. |
| Volume number/sequential designation | 554 |
| 650 ## - SUBJECT ADDED ENTRY--TOPICAL TERM | |
| Topical term or geographic name as entry element | Meteorology -- Observers' manuals. |
| 650 ## - SUBJECT ADDED ENTRY--TOPICAL TERM | |
| Topical term or geographic name as entry element | Great Britain. -- Meteorological Office. |
| 650 ## - SUBJECT ADDED ENTRY--TOPICAL TERM | |
| Topical term or geographic name as entry element | Meteorology. |
| 942 ## - ADDED ENTRY ELEMENTS (KOHA) | |
| Source of classification or shelving scheme | Dewey Decimal Classification |
| Koha item type | English Books |
| Classification part | 551.5 |
| Call number suffix | GRE |
| Withdrawn status | Lost status | Damaged status | Not for loan | Home library | Current library | Date acquired | Source of acquisition | Total Checkouts | Full call number | Barcode | Date last seen | Copy number | Price effective from | Koha item type | Public note |
|---|---|---|---|---|---|---|---|---|---|---|---|---|---|---|---|
| Written off | Central Library | Central Library | 21/03/2016 | Cen Lib/Ret | 551.5 GRE | 372530 | 21/03/2016 | 1 | 21/03/2016 | English Books | Written off on approval by DLB (By Circulation); dtd 15-06-2023 |
